Rutas mágicas por los pueblos del Adaja (Record no. 178458)
[ view plain ]
| 000 -LEADER | |
|---|---|
| campo de control de longitud fija | 01070nam a2200265 i 4500 |
| 001 - NÚMERO DE CONTROL | |
| campo de control | 178458 |
| 003 - IDENTIFICADOR DE NÚMERO DE CONTROL | |
| campo de control | ES-MaACL |
| 005 - FECHA Y HORA DE LA ÚLTIMA TRANSACCIÓN | |
| campo de control | 20250827044933.0 |
| 008 - DATOS DE LONGITUD FIJA--INFORMACIÓN GENERAL | |
| campo de control de longitud fija | 110530s2006 sp aeop |||| |dspa d |
| 020 ## - NÚMERO INTERNACIONAL ESTÁNDAR DEL LIBRO | |
| Número Internacional Estándar del Libro | 84-609-9020-6 |
| 080 ## - NÚMERO DE LA CLASIFICACIÓN DECIMAL UNIVERSAL | |
| Número de la Clasificación Decimal Universal | 914.601.89(036) |
| 100 1# - ENTRADA PRINCIPAL--NOMBRE DE PERSONA | |
| Nombre de persona | Sanchidrián Gallego, Jesús María José. |
| 9 (RLIN) | 103003 |
| 245 10 - MENCIÓN DEL TÍTULO | |
| Título | Rutas mágicas por los pueblos del Adaja |
| Resto del título | : "Ávila rural" : Mingorría, Zorita de los Molinos, Cardeñosa ... / |
| Mención de responsabilidad, etc. | Jesús Mª J. Sanchidrián Gallego. |
| 246 30 - FORMA VARIANTE DEL TITULO | |
| Título propio/Titulo breve | Ávila rural |
| 250 ## - MENCION DE EDICION | |
| Mención de edición | 2ª ed. |
| 260 ## - PUBLICACIÓN, DISTRIBUCIÓN, ETC. | |
| Lugar de publicación, distribución, etc. | Mingorría (Ávila) : |
| Nombre del editor, distribuidor, etc. | "Piedra Caballera", Revista Cultural, |
| Fecha de publicación, distribución, etc. | 2006. |
| 300 ## - DESCRIPCIÓN FÍSICA | |
| Extensión | 224 p. : |
| Otras características físicas | il. col., fot., plano ; |
| Dimensiones | 20 x 11cm. |
| 500 ## - NOTA GENERAL | |
| Nota general | Índice. |
| 504 ## - NOTA DE BIBLIOGRAFÍA, ETC. | |
| Nota de bibliografía, etc. | Bibliografía: p. 218-223. |
| 651 #7 - PUNTO DE ACCESO ADICIONAL DE MATERIA--NOMBRE GEOGRÁFICO | |
| Nombre geográfico | Ávila (Provincia)- |
| Subdivisión de forma | Guías turísticas |
| Fuente del encabezamiento o término | |
| 9 (RLIN) | 146819 |
| 852 ## - LOCALIZACIÓN | |
| Ubicación | ES-MaACL |
| Número de control de estantería | N-4269 |
| itemnumber | 185318 |
| Sublocalización o colección | R.145561 |
| Ubicación en estantería | Depósito 1 |
| Signatura antigua | Olim: N-4269 |
| Encuadernación | Donación: Jesús María José Sanchidrián Gallego |
| 903 ## - NOMBRE PERSONAL DE DONANTE | |
| 9 | 103003 |
| a | Sanchidrián Gallego, Jesús María José |
| e | Donante |
| 942 ## - ELEMENTOS DE ENTRADA SECUNDARIOS (KOHA) | |
| Fuente del sistema de clasificación o colocación | Clasificación decimal universal |
| Tipo de ítem Koha | Libro impreso |
| Estatus retirado | Estado de pérdida | Fuente del sistema de clasificación o colocación | Estado de daño | No para préstamo | Biblioteca de origen | Biblioteca actual | Ubicación en estantería | Fecha de adquisición | Fuente de adquisición | Total de préstamos | Signatura topográfica completa | Código de barras | Visto por última vez | Precio de reemplazo | Tipo de ítem Koha |
|---|---|---|---|---|---|---|---|---|---|---|---|---|---|---|---|
| Clasificación decimal universal | Biblioteca del Ateneo de Madrid | Biblioteca del Ateneo de Madrid | Depósito 1 | 30/05/2011 | Donación | A-12627 | 1187459 | 23/02/2023 | 23/02/2023 | Libro impreso |
